000 00616nam a22001817a 4500
003 UA-OsUOA
001 18139
007 ta
008 20040420b un ||||| |||| 00| 0 ukr d
100 _aКожан Н.
942 _cSA
040 _aUA-OsUOA
_cUA-OsUOA
_dUA-OsUOA
245 _aКраєзнавчі видання, які побачили світ у 2003 році
_b[Книги, що надійшли в Рівнен. держ. обл. б-ку]
300 _aС.5
955 _a0
773 0 _w0
_tВолинські відомості
_dРівне
_d2004
_gЧ.1/2
650 7 _aКраєзнавча робота
_2UDC
999 _c304309
_d304309